ბათუმის შოთა რუსთაველის სახელმწიფო უნივერსიტეტის ბიბლიოთეკა

ტურიზმი:დამხმ. სახელმძღვ. ტურიზმის ფაკ. სტუდ. / (ბიბ.ჩანაწერი № 36839)

000 -ლიდერი
ფიქსირებული სიგრძის საკონტროლო ველი 01177nam a2200265Ia 4500
001 - საკონტროლო ნომერი
საკონტროლო ველი 2786
003 - საკონტროლო ნომრის იდენტიფიკატორი
საკონტროლო ველი GE_BSU
005 - ბოლო ოპერაციის თარიღი და დრო
საკონტროლო ველი 20190507104026.0
008 - ფიქსირებული სიგრძის მონაცემთა ელემენტები - ზოგადი ინფორმაცია
ფიქსირებული სიგრძის საკონტროლო ველი 181216s2003|||| |||||||||||||| ||geo||
020 ## - წიგნის საერთაშორისო სტანდარტული ნომერი
International Standard Book Number 9992897627
040 ## - კატალოგიზაციის წყარო
Transcribing agency GE_BSU
041 ## - ენის კოდი
Language code of text/sound track or separate title geo
080 ## - უნივერსალური ათობითი კლასიფიკაციის ინდექსი
Universal Decimal Classification number 338.48(075.8) მ-59
100 ## - მთავარი ჩანაწერი - პიროვნების სახელი
Personal name მეტრეველი, მარინა
9 (RLIN) 828
245 ## - ცნობა სათაურის შესახებ
Title ტურიზმი:დამხმ. სახელმძღვ. ტურიზმის ფაკ. სტუდ. /
Statement of responsibility, etc მარინა მეტრეველი ; რედ : თეიმურაზ კანდელაკი
264 ## - წარმოების, გამოცემის, დისტრიბუციის და სხვა ცნობები
გამოცემის, წარმოების, დისტრიბუციის... ადგილი თბილისი .:
გამოცემის, წარმოების, დისტრიბუციის... სახელწოდება უნივერსალი,
გამოცემის, წარმოების, დისტრიბუციის... თარიღი 2003.
300 ## - ფიზიკური აღწერა
Extent 186გ . ;
Dimensions 20ს მ.
504 ## - BIBLIOGRAPHY, ETC. NOTE
Bibliography, etc ბიბლიოგრ.: 182გვ.
653 ## - INDEX TERM--UNCONTROLLED
Uncontrolled term ტურიზმი საქართველოში
653 ## - INDEX TERM--UNCONTROLLED
Uncontrolled term ტურიზმი
700 ## - ADDED ENTRY--PERSONAL NAME
Personal name კანდელაკი, თეიმურაზ
Relator term რედაქტორი
9 (RLIN) 829
710 ## - ADDED ENTRY--CORPORATE NAME
Relator term თბილ. კულტურისა და ხელოვნების სახ. უნ-ტი.
9 (RLIN) 830
942 ## - ADDED ENTRY ELEMENTS (KOHA)
Koha item type წიგნი
Source of classification or shelving scheme
ეგზემპლარები
ჩამოწერის სტატუსი დაკარგული ეგზემპლარის სტატუსი კლასიფიკაციის წყარო ან თაროზე გაწყობის სქემა დაზიანების სტატუსი არ გაიცემა მუდმივი მდებარეობა (დაცვის ადგილი) ამჟამინდელი ადგილსამყოფელი თაროზე განთავსების ადგილი შეძენის თარიღი ღირებულება, შესყიდვის ნორმალური ფასი სრული შენახვის შიფრი შტრიხკოდი ბოლო ოპერაციის თარიღი ეგზემპლარის მიმდევრობითი ნომერი (კეტერი?) ფასის ძალაში შესვლის თარიღი ეგზემპლარის სახეობა საჯარო შენიშვნა
          ბათუმის შოთა რუსთაველის სახელმწიფო უნივერსიტეტის მთავარი ბიბლიოთეკა ბათუმის შოთა რუსთაველის სახელმწიფო უნივერსიტეტის მთავარი ბიბლიოთეკა წიგნსაცავი 2018-12-17 22.00 338.48(075.8) მ-59 7733 2018-12-17 7733 2018-12-17 წიგნი 22ლ.50თ.